Historia universal : desde los tiempos más remotos hasta hoy vertida al español en vista de las reformas y correcciones hechas por el autor en la última edición italiana por distinguidos literatos y bajo la dirección de D. Francisco Nacente Soler / por Cesar Cantú desde los tiempos más remotos hasta hoy vertida al español en vista de las reformas y correcciones hechas por el autor en la última edición italiana por distinguidos literatos y bajo la dirección de D. Francisco Nacente Soler / por Cesar Cantú
Descripción Física:
11 v. : il. ; 25 cm
Otros Autores:
Weiss, Hermann
Materias:
Història universal
MARC
| LEADER | 00000nam a2200000Ia 4500 | ||
|---|---|---|---|
| 001 | 16003, 16004, 16005, 16006, 16007, 16008, 16009, 16010, 16011, 16012, 16013 | ||
| 008 | 160829s1886 - 1889 xx 000 0 cat d | ||
| 080 | |a H-2-233, H-2-234, H-2-235, H-2-236, H-2-237, H-2-238, H-2-239, H-2-240, H-2-241, H-2-242, H-2-243 | ||
| 100 | |a Cantú, Cesar |9 37401 | ||
| 245 | |a Historia universal : |b desde los tiempos más remotos hasta hoy vertida al español en vista de las reformas y correcciones hechas por el autor en la última edición italiana por distinguidos literatos y bajo la dirección de D. Francisco Nacente Soler / por Cesar Cantú | ||
| 260 | |a Barcelona : |b F. Nacente, |c 1886 - 1889 | ||
| 300 | |a 11 v. : |b il. ; |c 25 cm | ||
| 590 | |a El títol varia a partir del quart volum: Historia universal : desde los tiempos más remotos hasta nuestros dias vertida al español en vista de las reformas y correcciones hechas por el autor en la última edición italiana por distinguidos literatos y continuada hasta 1888, bajo la dirección de D. Francisco Nacente Soler . | ||
| 590 | |a Al llom: Casa P. de Caridad. | ||
| 590 | |a Subtítol: Ilustrada con 500 láminas primorosamente grabadas en la piedra que representan trajes, usos, cosumbres, .... | ||
| 590 | |a El subtítol canvia a partir del tercer volum: Ilustrada con un atlas de más de 500 láminas ... por Hermann Weiss, aumentada con centenares de figuras correspondientes a la indumentaria española y a la arqueología de todas las épocas. | ||
| 590 | |a Referències bibliogràfiques. | ||
| 590 | |a Cronologia. | ||
| 590 | |a Falta el volum 12. | ||
| 650 | |a Història universal |9 28934 | ||
| 700 | |a Weiss, Hermann |9 37402 | ||
| 901 | |a Arxiu | ||
| 942 | |n 1 | ||
| 952 | |0 0 |1 0 |4 0 |6 H2233_H2234_H2235_H2236_H2237_H2238_H2239_H2240_H2241_H2242_H2243 |7 1 |9 47847 |a Arxiu |b Arxiu |d 2016-12-01 |l 0 |o H-2-233, H-2-234, H-2-235, H-2-236, H-2-237, H-2-238, H-2-239, H-2-240, H-2-241, H-2-242, H-2-243 |p 16003, 16004, 16005, |r 2016-12-01 00:00:00 |w 2016-12-01 |y ARXIU | ||
| 999 | |c 51646 |d 51646 | ||